| 000 | 00479nam a2200181Ia 4500 | ||
|---|---|---|---|
| 003 | GCL | ||
| 008 | 140319s9999 xx 000 0 eng d | ||
| 020 | _a0333637801 | ||
| 040 |
_aGCL / _cGCL |
||
| 082 | 0 | 4 |
_a004 _bJ P |
| 100 | 1 | _aJACKSON, KEITH | |
| 245 | 1 | 0 |
_aC PROGRAMMING FOR ELECTRONIC ENGINEERS / _cJACKSON, KEITH |
| 260 |
_aانجلترا : _bMACMILIAN ، _c1995 |
||
| 300 |
_a241 P ؛ _c24 cm. |
||
| 650 | 0 | 4 | _aPROGRAMMING |
| 650 | 0 | 4 | _aELECTRONIC |
| 942 |
_2ddc _cBK |
||
| 999 |
_c23834 _d23834 |
||